000 00888nam a22002657a 4500
001 8632
003 FISKH
005 20251007103916.0
008 251007b cb ||||| |||| 00| 0 eng d
020 _a078073165384
040 _aFISKH
_beng
_cFISKH
_dFISKH
082 _a 371
100 _aCharlesworth, Liza
245 _aOlive the Octopus's day of juggling :
_bAlpha tale O /
_cby Liza Charlesworth ; Illustrated by Matt Phillips
260 _aNew York :
_bScholastic,
_c2001.
300 _a16 pages :
_bcolor illustrations ;
_c26 cm
505 _aE
520 _aLearning the ABCs is loads of fun with this totally charming collection of alliterative stories. Alpha Tales.
521 8 _a200
_bLexile estimate
521 8 _aE
_bRaz-Plus
650 _aAlphaTales
_vPhonics
_xtoddler
700 _aPhillips, Matt
_eillustrator
942 _2ddc
_cBK
_n0
999 _c8632
_d8632